000 00949nas a2200301 4500
001 BR6008007
003 BR-BrBNA
005 20231205082047.0
007 ta
008 230509b bl.|||p| |||| 00| 00por d
040 _aBR-BrBNA
_bpor
_cBiblioteca Nacional de Agricultura
041 _a(Pt)
072 _aF00; F25
100 1 _aLopes, N.F.
100 1 _aCosta, A.M. da
100 1 _aBrauner, G.L.
100 1 _aXavier, F.E.
245 1 _aEmprego de cloreto de clorocolina (CCC)em quatro cultivares de trigo [Triticum vulgare, Rio Grande do Sul, crescimento, nitrogenio]
650 _aFERTILIZANTE
650 _aTRIGO
650 _aCRESCIMENTO
650 _aCONTROLE QUIMICO
650 _aNITROGENIO
650 _aCLORETO DE COLINA
773 0 _tPesquisa Agropecuaria Brasileira. Serie Agronomia (Brazil)
_xISSN 0304-436X
_g(1976), v. 11(12) p. 65-69
_wBR6008007
909 _a202311
_bLúcia
_c55
_dLúcia Elande
942 _2AGRIS
_n0
_cANA
999 _c88895
_d88895